000 00559nam a2200181Ia 4500
999 _c32492
_d32492
003 OSt
005 20201006102517.0
008 190216s9999||||xx |||||||||||||| ||und||
020 _a9780849385230
040 _coclc
082 _a005.82
_bMEN/H
100 _aMenezes, Alfred J
_95340
245 0 _aHandbook Of Applied Cryptography /
_cAlfred J Menezes ; Paul C Van Oorschot ; Scott A Vanstone
260 _bCrc Press,
_c2014.
_aLondon:
300 _a780p
650 _aMathe Matics
942 _cBK
_2ddc
_h005.82
_iMEN/H
_k005.82
_mMEN/H